| 000 | 00595nam a2200169 4500 | ||
|---|---|---|---|
| 008 | 240701b |||||||| |||| 00| 0 eng d | ||
| 082 |
_a303.69 _bNAD |
||
| 100 | _aNadarajah, Suthaharan | ||
| 245 |
_aSri Lanka's vernacular press and the peace process: _bpart of the Sri Lanka strategic conflict assessment 2005 |
||
| 260 |
_aColombo: _bAsia Foundation, _c2005 |
||
| 300 |
_a57 p. _bBibliography included |
||
| 440 |
_aSix-part series _vNo.6 |
||
| 650 | _aPEACE BUILDING-Sri Lanka | ||
| 650 | _aConflict resolution | ||
| 856 | _uhttps://eprints.soas.ac.uk/18476/1/SLMediaSurvey.pdf | ||
| 942 | _cRP | ||
| 999 |
_c4960 _d4960 |
||